| 000 | 01171cab a2200217 4500 | ||
|---|---|---|---|
| 001 | ##L134252 | ||
| 008 | 060720n2006 000 0 eng u | ||
| 035 | _a(Sirsi) u134252 | ||
| 041 | 0 | _aeng | |
| 110 | 2 |
_aMajor Contractors Group _94988 |
|
| 245 | 0 | 0 | _aMCG puts measures in place to complete its qualified workforce project |
| 260 | _c2006 | ||
| 490 | 0 |
_aMCG Press Release _v11 July 2006 |
|
| 520 | _aMembers of the Major Contractors Group (MCG) have announced measures to complete the initiative to ensure a fully qualified workforce on their construction sites. From 1 October 2006, everyone working on a MCG site will have to have an appropriate Construction Skills Certification Scheme (CSCS) card or be actively seeking one through Skills Direct, whilst with effect from 1 January 2007, everybody working on site will have to possess such a card. | ||
| 590 | _aIKA010806 | ||
| 650 | 2 | 4 | _aCONSTRUCTION SKILLS CERTIFICATION SCHEME |
| 651 | 4 |
_aUnited Kingdom _y |
|
| 690 | _aCAREERS, EDUCATION AND TRAINING-RICS POST-QUALIFICATION CERTIFICATION SCHEMES | ||
| 856 | 4 | 1 |
_uhttps://www.mcg.org.uk/ _zView the item free of charge at www.mcg.org.uk/... |
| 942 | _n0 | ||
| 999 |
_c77427 _d77427 |
||